[Event "FRA-chT2 0304a"]
[Site "France"]
[Date "2004.01.18"]
[Round "6.4"]
[White "Goldgewicht, Lionel"]
[Black "Carmeille, Ludovic"]
[Result "1-0"]
[WhiteElo "2349"]
[BlackElo "2114"]
[PlyCount "89"]
[EventDate "2003.10.??"]
[EventType "team"]
[EventRounds "11"]
[EventCountry "FRA"]
[SourceTitle "EXT 2005"]
[Source "ChessBase"]
[SourceDate "2004.11.15"]
[SourceVersion "1"]
[SourceVersionDate "2004.11.15"]
[SourceQuality "1"]
[WhiteTeam "Cannes II"]
[BlackTeam "Toulouse"]
[WhiteTeamCountry "FRA"]
[BlackTeamCountry "FRA"]

1. e4 c5 2. c3 d6 3. d4 Nf6 4. Bd3 e5 5. Ne2 cxd4 6. cxd4 d5 7. dxe5 dxe4 8. Bb5+ Bd7 9. exf6 Bxb5 10. Qxd8+ Kxd8 11. Bg5 g6 12. Nbc3 Ba6 13. Nxe4 Bb4+ 14. N2c3 Nd7 15. 0-0-0 Rc8 16. Nd6 Bxd6 17. Rxd6 h6 18. Rhd1 Bb5 19. Be3 b6 20. Kb1 Bc6 21. b4 Rc7 22. Nd5 Bxd5 23. R1xd5 Kc8 24. g4 Re8 25. Bxh6 Ne5 26. Rd4 Nf3 27. Rd3 Nxh2 28. R6d4 Re1+ 29. Kb2 Re2+ 30. Kb3 Rxf2 31. b5 Rf3 32. Bf4 Rxd3+ 33. Rxd3 Nxg4 34. Bxc7 Kxc7 35. Rd4 Ne5 36. Ra4 Kb7 37. Re4 Nd7 38. Re7 Kc7 39. Rxf7 Kd6 40. Rg7 Ke6 41. Rxg6 Ne5 42. Rg7 Nf7 43. Kc4 Nd6+ 44. Kb4 Nf7 45. Rxf7 1-0

[Event "FRA-chT2S"]
[Site "France"]
[Date "2003.01.18"]
[Round "5.1"]
[White "Goldgewicht, Lionel"]
[Black "Foisor, Ovidiu Doru"]
[Result "1/2-1/2"]
[WhiteElo "2362"]
[BlackElo "2422"]
[PlyCount "24"]
[EventDate "2002.10.??"]
[EventType "team"]
[EventRounds "11"]
[EventCountry "FRA"]
[SourceTitle "EXT 2004"]
[Source "ChessBase"]
[SourceDate "2003.11.25"]
[SourceVersion "1"]
[SourceVersionDate "2003.11.25"]
[SourceQuality "1"]

1. e4 e6 2. d4 d5 3. Nc3 Bb4 4. e5 c5 5. Bd2 Ne7 6. a3 Bxc3 7. Bxc3 Nbc6 8. Nf3 cxd4 9. Nxd4 Nxe5 10. Nxe6 Bxe6 11. Bxe5 0-0 12. Bd3 Nc6 1/2-1/2

[Event "FRA-chT"]
[Site "France"]
[Date "2001.05.01"]
[Round "11.7"]
[White "Hoffmann, Regis"]
[Black "Goldgewicht, Lionel"]
[Result "1/2-1/2"]
[WhiteElo "2177"]
[BlackElo "2345"]
[PlyCount "74"]
[EventDate "2001.02.02"]
[EventType "team"]
[EventRounds "11"]
[EventCountry "FRA"]
[SourceTitle "EXT 2002"]
[Source "ChessBase"]
[SourceDate "2001.11.25"]
[SourceVersion "1"]
[SourceVersionDate "2001.11.25"]
[SourceQuality "1"]
[WhiteTeam "Bischwiller"]
[BlackTeam "Orange"]
[WhiteTeamCountry "FRA"]
[BlackTeamCountry "FRA"]

1. d4 e6 2. e4 d5 3. Nd2 c5 4. Ngf3 cxd4 5. exd5 Qxd5 6. Bc4 Qd6 7. 0-0 Nf6 8. Nb3 Nc6 9. Nbxd4 Nxd4 10. Qxd4 Bd7 11. Be3 Qxd4 12. Bxd4 Rc8 13. Bb3 Bc5 14. Rad1 Bxd4 15. Rxd4 Rc5 16. Re1 Ke7 17. Ne5 Rd8 18. f4 Be8 19. Rxd8 Kxd8 20. c3 b5 21. g3 a5 22. a3 g6 23. Bd1 Nd5 24. Bf3 Nb6 25. Re2 Ke7 26. Kf2 Rc8 27. Rd2 f6 28. Ng4 Bc6 29. Bxc6 Rxc6 30. Ne3 Rd6 31. Rxd6 Kxd6 32. Ke2 Na4 33. Nd1 Kd5 34. b3 Nc5 35. b4 axb4 36. axb4 Na4 37. Kd3 e5 1/2-1/2

[Event "FRA-chT"]
[Site "France"]
[Date "2001.03.29"]
[Round "4.5"]
[White "Goldgewicht, Lionel"]
[Black "Prie, Eric"]
[Result "0-1"]
[WhiteElo "2345"]
[BlackElo "2490"]
[PlyCount "88"]
[EventDate "2001.02.02"]
[EventType "team"]
[EventRounds "11"]
[EventCountry "FRA"]
[SourceTitle "EXT 2002"]
[Source "ChessBase"]
[SourceDate "2001.11.25"]
[SourceVersion "1"]
[SourceVersionDate "2001.11.25"]
[SourceQuality "1"]
[WhiteTeam "Orange"]
[BlackTeam "Montpellier"]
[WhiteTeamCountry "FRA"]
[BlackTeamCountry "FRA"]

1. e4 d5 2. exd5 Qxd5 3. Nf3 Bg4 4. Be2 Nc6 5. d4 Nf6 6. 0-0 e6 7. Be3 Be7 8. c4 Qd6 9. Nc3 0-0 10. Nb5 Qd8 11. h3 Bh5 12. Bf4 Rc8 13. g4 Bg6 14. Ne5 Bd6 15. Nxd6 cxd6 16. Nxg6 hxg6 17. d5 exd5 18. cxd5 Ne5 19. Qb3 Qb6 20. Rfd1 Qxb3 21. axb3 Rc2 22. Bxe5 dxe5 23. Bc4 a6 24. d6 Rd8 25. Ra5 b5 26. Bd5 Nxd5 27. Rxd5 Rc6 28. Rxe5 Rdxd6 29. Re8+ Kh7 30. Ra8 g5 31. Ra7 Rf6 32. Ra1 Rc2 33. R7xa6 Rfxf2 34. Rb6 Rg2+ 35. Kf1 Rgf2+ 36. Ke1 Rfe2+ 37. Kf1 Rf2+ 38. Kg1 Rg2+ 39. Kf1 Rh2 40. Kg1 Rcg2+ 41. Kf1 Rxb2 42. Kg1 Rxh3 43. Rxb5 Rg3+ 44. Kf1 Rxg4 0-1

[Event "FRA-chT 9900"]
[Site "France"]
[Date "2000.05.01"]
[Round "11.5"]
[White "Goldgewicht, Lionel"]
[Black "Clodin, Richard"]
[Result "1-0"]
[WhiteElo "2358"]
[BlackElo "2135"]
[PlyCount "91"]
[EventDate "1999.02.04"]
[EventType "team"]
[EventRounds "11"]
[EventCountry "FRA"]
[SourceTitle "EXT 2001"]
[Source "ChessBase"]
[SourceDate "2000.11.22"]
[SourceVersion "1"]
[SourceVersionDate "2000.11.22"]
[SourceQuality "1"]

1. e4 g6 2. d4 Bg7 3. Nc3 d6 4. Nf3 Nf6 5. Be2 0-0 6. 0-0 Nc6 7. d5 Nb8 8. h3 Nbd7 9. Be3 c5 10. a4 b6 11. Qd2 a6 12. Rfe1 Bb7 13. Bh6 Qc7 14. Bc4 Ne5 15. Be2 Nxf3+ 16. Bxf3 Bxh6 17. Qxh6 e5 18. dxe6 fxe6 19. e5 dxe5 20. Bxb7 Qxb7 21. Rxe5 Qf7 22. Rae1 Rae8 23. Qe3 Qd7 24. Rxe6 Kf7 25. Rxe8 Rxe8 26. Qc1 Rxe1+ 27. Qxe1 b5 28. axb5 axb5 29. Qe2 c4 30. Ne4 Nxe4 31. Qxe4 Qd1+ 32. Kh2 Qd6+ 33. f4 Kf6 34. Kg3 h5 35. Kh4 Qd2 36. Kg3 Qd6 37. Kh4 Qd2 38. g3 Qd8 39. Qe5+ Kf7+ 40. Qg5 Qd7 41. c3 Qb7 42. Qd8 Qc6 43. Kg5 Qc5+ 44. Kh6 Qf5 45. Qc7+ Kf8 46. Qg7+ 1-0

[Event "FRA-chT"]
[Site "France"]
[Date "1999.??.??"]
[Round "3"]
[White "Goldgewicht, Lionel"]
[Black "Marciano, David"]
[Result "0-1"]
[WhiteElo "2353"]
[BlackElo "2521"]
[PlyCount "58"]
[EventDate "1999.02.??"]
[EventType "team"]
[EventRounds "11"]
[EventCountry "FRA"]
[SourceTitle "EXT 2000"]
[Source "ChessBase"]
[SourceDate "1999.11.16"]
[SourceVersion "1"]
[SourceVersionDate "1999.11.16"]
[SourceQuality "1"]

1. e4 e5 2. Nf3 Nc6 3. d4 exd4 4. Nxd4 Nf6 5. Nc3 Bb4 6. Nxc6 bxc6 7. Bd3 d5 8. exd5 cxd5 9. 0-0 0-0 10. Bg5 c6 11. Ne2 Bd6 12. Nd4 c5 13. Nf5 Bxf5 14. Bxf5 Be5 15. c3 h6 16. Bh4 Rb8 17. Qc2 Qd6 18. Bg3 Bxg3 19. hxg3 Rfe8 20. Rfe1 Re5 21. Rad1 Rbe8 22. Qb1 g6 23. Bd3 Qe6 24. Kf1 Ng4 25. Rxe5 Qxe5 26. Bxg6 Qe2+ 27. Kg1 Qxf2+ 28. Kh1 Qxg3 29. Bxf7+ Kf8 0-1

[Event "FRA-chT2S 9798"]
[Site "France"]
[Date "1998.??.??"]
[Round "?"]
[White "Palleja, Xavier"]
[Black "Goldgewicht, Lionel"]
[Result "1-0"]
[WhiteElo "2275"]
[BlackElo "2365"]
[PlyCount "80"]
[EventDate "1997.??.??"]
[EventType "team"]
[EventRounds "9"]
[EventCountry "FRA"]
[SourceTitle "EXT 2003"]
[Source "ChessBase"]
[SourceDate "2002.11.25"]
[SourceVersion "1"]
[SourceVersionDate "2002.11.25"]
[SourceQuality "1"]

1. e4 e6 2. d4 d5 3. e5 c5 4. c3 Nc6 5. Nf3 Nge7 6. a3 cxd4 7. cxd4 Nf5 8. b4 Be7 9. Bb2 Qb6 10. Be2 0-0 11. 0-0 f6 12. Kh1 fxe5 13. dxe5 Bd7 14. Nc3 Be8 15. Rc1 Qd8 16. Nb5 Bh5 17. Nfd4 Bxe2 18. Qxe2 Ncxd4 19. Nxd4 Nxd4 20. Bxd4 Qd7 21. Rc3 Rfc8 22. Rxc8+ Rxc8 23. Bxa7 Qa4 24. Qe3 Ra8 25. Bc5 Bxc5 26. Qxc5 Qxa3 27. Qe7 Qa6 28. Rc1 Qc6 29. Qg5 Qd7 30. h4 Rc8 31. Ra1 h6 32. Qe3 d4 33. Qd3 Qd5 34. Ra5 Qc4 35. Qg6 d3 36. Ra1 d2 37. g3 Qc1+ 38. Kh2 Qxa1 39. Qxe6+ Kh7 40. Qf5+ Kh8 1-0

[Event "Montpellier op-A"]
[Site "Montpellier"]
[Date "1997.??.??"]
[Round "?"]
[White "Goldgewicht, Lionel"]
[Black "Cebalo, Miso"]
[Result "1/2-1/2"]
[WhiteElo "2360"]
[BlackElo "2485"]
[PlyCount "85"]
[EventDate "1997.??.??"]
[EventType "swiss"]
[EventRounds "9"]
[EventCountry "FRA"]
[SourceTitle "EXT 2003"]
[Source "ChessBase"]
[SourceDate "2002.11.25"]
[SourceVersion "1"]
[SourceVersionDate "2002.11.25"]
[SourceQuality "1"]

1. e4 c5 2. c3 d5 3. exd5 Qxd5 4. d4 Nf6 5. Nf3 g6 6. Na3 Bg7 7. Nb5 Na6 8. Be2 cxd4 9. Qxd4 0-0 10. 0-0 b6 11. Qxd5 Nxd5 12. Nfd4 Bb7 13. Bf3 Nc5 14. Nb3 Rfc8 15. Rd1 a6 16. Nd6 exd6 17. Bxd5 Bxd5 18. Rxd5 Na4 19. Rxd6 Rd8 20. Rxd8+ Rxd8 21. Be3 b5 22. Nc5 Nxb2 23. Nxa6 Na4 24. Kf1 Nxc3 25. Nb4 Nd5 26. Rb1 Nxe3+ 27. fxe3 Rd2 28. Rb3 Bf8 29. Nc6 Bc5 30. Nd4 b4 31. Nc6 Rxa2 32. Nxb4 Rd2 33. Nc6 Bd6 34. h3 h5 35. Nd4 Bg3 36. Rc3 Rf2+ 37. Kg1 Ra2 38. Kf1 h4 39. Rc2 Ra1+ 40. Ke2 Kg7 41. Nf3 Kh6 42. Rb2 f5 43. Rc2 1/2-1/2

[Event "FRA-chTB 9697"]
[Site "France"]
[Date "1997.??.??"]
[Round "5"]
[White "Goldgewicht, Lionel"]
[Black "Daurelle, Herve"]
[Result "1/2-1/2"]
[WhiteElo "2335"]
[BlackElo "2245"]
[PlyCount "85"]
[EventDate "1997.??.??"]
[EventType "team"]
[EventRounds "7"]
[EventCountry "FRA"]
[SourceTitle "EXT 1999"]
[Source "ChessBase"]
[SourceDate "1998.11.16"]
[SourceVersion "1"]
[SourceVersionDate "1998.11.16"]
[SourceQuality "1"]

1. e4 e5 2. Nf3 Nc6 3. d4 exd4 4. Nxd4 Nf6 5. Nc3 Bb4 6. Nxc6 bxc6 7. Bd3 0-0 8. 0-0 d5 9. exd5 cxd5 10. Bg5 c6 11. Qf3 Be7 12. Rae1 Re8 13. Re5 Ng4 14. Rxe7 Rxe7 15. Bxe7 Qxe7 16. h3 Nf6 17. Qe3 Qxe3 18. fxe3 Be6 19. Rf4 Rb8 20. b3 Nd7 21. Ra4 Rb7 22. Ra5 Kf8 23. Na4 Ke7 24. a3 Kd6 25. b4 h6 26. Nc5 Nxc5 27. Rxc5 Re7 28. Kf2 Bd7 29. Ra5 Bc8 30. Kf3 Be6 31. Ke2 Bc8 32. Kd2 Be6 33. Kc3 Bc8 34. Kd4 Be6 35. e4 dxe4 36. Bxe4 Rc7 37. c4 f6 38. Ra6 Bc8 39. Ra5 Be6 40. h4 g5 41. hxg5 hxg5 42. Ra6 f5 43. Bf3 1/2-1/2

[Event "Cannes op 18th"]
[Site "Cannes"]
[Date "1997.??.??"]
[Round "1"]
[White "Goldgewicht, Lionel"]
[Black "Haik, Aldo"]
[Result "1/2-1/2"]
[WhiteElo "2335"]
[BlackElo "2410"]
[PlyCount "66"]
[EventDate "1997.02.22"]
[EventType "swiss"]
[EventRounds "9"]
[EventCountry "FRA"]
[SourceTitle "CBM 057 Extra"]
[Source "ChessBase"]
[SourceDate "1997.05.01"]
[SourceVersion "1"]
[SourceVersionDate "1997.05.01"]
[SourceQuality "1"]

1. e4 e5 2. Nf3 Nc6 3. d4 exd4 4. Nxd4 Bc5 5. Be3 Qf6 6. c3 Nge7 7. g3 d5 8. Bg2 dxe4 9. Nd2 Bxd4 10. cxd4 Bf5 11. Nxe4 Qg6 12. Nc3 0-0 13. 0-0 Nb4 14. Qb3 c5 15. dxc5 a5 16. Rac1 Nec6 17. Nd5 Rad8 18. Nf4 Qf6 19. a3 Nd3 20. Nxd3 Bxd3 21. Rfd1 Ba6 22. Qb6 Be2 23. Rxd8 Rxd8 24. Qxb7 Bf3 25. Bxf3 Qxf3 26. b4 axb4 27. axb4 Rb8 28. Qc7 h6 29. Qf4 Qd5 30. Qc4 Qf3 31. Qf4 Qd5 32. Qc4 Qf3 33. Qf4 Qd5 1/2-1/2

[Event "Montpellier op-A"]
[Site "Montpellier"]
[Date "1997.??.??"]
[Round "?"]
[White "Relange, Eloi"]
[Black "Goldgewicht, Lionel"]
[Result "1/2-1/2"]
[WhiteElo "2505"]
[BlackElo "2360"]
[PlyCount "71"]
[EventDate "1997.??.??"]
[EventType "swiss"]
[EventRounds "9"]
[EventCountry "FRA"]
[SourceTitle "EXT 2003"]
[Source "ChessBase"]
[SourceDate "2002.11.25"]
[SourceVersion "1"]
[SourceVersionDate "2002.11.25"]
[SourceQuality "1"]

1. c4 e6 2. Nc3 d5 3. d4 Be7 4. Nf3 Nf6 5. Bg5 h6 6. Bh4 0-0 7. e3 b6 8. Qb3 Bb7 9. Bxf6 Bxf6 10. cxd5 exd5 11. Rd1 c5 12. dxc5 Nd7 13. cxb6 Nc5 14. Qb4 Qd6 15. a3 a5 16. Qc4 Rfd8 17. Qa2 Qxb6 18. Be2 Ne6 19. 0-0 d4 20. exd4 Nxd4 21. Nxd4 Bxd4 22. Bc4 Rd7 23. Qb3 Qd8 24. Rxd4 Rxd4 25. Bxf7+ Kf8 26. Bg6 Qd7 27. f3 Rd6 28. Bb1 Qc7 29. Kh1 Ba6 30. Rg1 Rb8 31. Qa4 Bc4 32. b4 axb4 33. axb4 Bd3 34. Ne4 Bxe4 35. Bxe4 Rd4 36. Qa2 1/2-1/2

[Event "Cannes op 18th"]
[Site "Cannes"]
[Date "1997.??.??"]
[Round "7"]
[White "Wagner, Claude"]
[Black "Goldgewicht, Lionel"]
[Result "1/2-1/2"]
[WhiteElo "2390"]
[BlackElo "2335"]
[PlyCount "83"]
[EventDate "1997.02.22"]
[EventType "swiss"]
[EventRounds "9"]
[EventCountry "FRA"]
[SourceTitle "CBM 057 Extra"]
[Source "ChessBase"]
[SourceDate "1997.05.01"]
[SourceVersion "1"]
[SourceVersionDate "1997.05.01"]
[SourceQuality "1"]

1. d4 d5 2. c4 e6 3. Nf3 Nf6 4. Nc3 Be7 5. Bf4 0-0 6. e3 c5 7. dxc5 Bxc5 8. a3 Nc6 9. Qc2 Qa5 10. Nd2 Be7 11. Rd1 e5 12. Bg3 d4 13. Nb3 Qb6 14. Na4 Bf5 15. Nxb6 Bxc2 16. Nxa8 Bxb3 17. Nc7 Bxd1 18. Kxd1 dxe3 19. fxe3 Bc5 20. Ke2 a6 21. b4 Bd6 22. Nd5 Nxd5 23. cxd5 Ne7 24. e4 Rc8 25. Kd2 Ng6 26. Bd3 Kf8 27. Bf2 Ke7 28. Rb1 Nf4 29. Bf1 Nh5 30. Be3 Ke8 31. Bd3 Nf4 32. Bf1 Nh5 33. g3 Nf6 34. Bd3 Ng4 35. Bg1 Be7 36. h3 Nf6 37. Be3 Nd7 38. a4 Bd8 39. a5 h6 40. Rc1 Rxc1 41. Kxc1 Bg5 42. Kd2 1/2-1/2

[Event "Cannes op"]
[Site "Cannes"]
[Date "1996.??.??"]
[Round "4"]
[White "Goldgewicht, Lionel"]
[Black "David, Alberto"]
[Result "0-1"]
[WhiteElo "2325"]
[BlackElo "2455"]
[PlyCount "71"]
[EventDate "1996.02.??"]
[EventType "swiss"]
[EventRounds "9"]
[EventCountry "FRA"]
[SourceTitle "CBM 051 Extra"]
[Source "ChessBase"]
[SourceDate "1996.05.01"]
[SourceVersion "1"]
[SourceVersionDate "1996.05.01"]
[SourceQuality "1"]

1. e4 e5 2. Nf3 Nc6 3. d4 exd4 4. Nxd4 Nf6 5. Nc3 Bc5 6. Be3 Bb4 7. Nxc6 bxc6 8. Bd3 d6 9. Bg5 Qe7 10. 0-0 Qe5 11. Qd2 0-0 12. Rfe1 Rb8 13. a3 Bxc3 14. bxc3 Nd7 15. f4 Qa5 16. Kh1 f6 17. Bh4 Ba6 18. Bf2 Rfe8 19. Qe2 Bxd3 20. Qxd3 Qa4 21. Bd4 Re7 22. Rab1 Rxb1 23. Rxb1 c5 24. Bg1 Nb6 25. Re1 f5 26. e5 Qxf4 27. e6 Qh4 28. Re2 Qc4 29. Qe3 h6 30. Re1 Nd5 31. Qf2 g6 32. Qg3 Kg7 33. Qf3 Qxc3 34. Qe2 Nf4 35. Qf1 Rxe6 36. Rb1 0-1

[Event "FRA-chT"]
[Site "France"]
[Date "1996.??.??"]
[Round "?"]
[White "Goldgewicht, Lionel"]
[Black "Huguet, Bernard"]
[Result "1-0"]
[WhiteElo "2340"]
[BlackElo "2185"]
[PlyCount "77"]
[EventDate "1996.??.??"]
[EventType "team"]
[EventRounds "11"]
[EventCountry "FRA"]
[SourceTitle "CBM 055 Extra"]
[Source "ChessBase"]
[SourceDate "1997.01.01"]
[SourceVersion "1"]
[SourceVersionDate "1997.01.01"]
[SourceQuality "1"]

1. e4 e6 2. d4 d5 3. Nc3 dxe4 4. Nxe4 Nd7 5. Nf3 Ngf6 6. Bd3 Nxe4 7. Bxe4 Nf6 8. Bd3 c5 9. 0-0 cxd4 10. Nxd4 Be7 11. c3 0-0 12. Qe2 Bd7 13. Re1 Re8 14. Bf4 Qa5 15. Be5 Qb6 16. Rad1 Bc6 17. Nxc6 bxc6 18. Rd2 Red8 19. Red1 g6 20. Bc4 Rxd2 21. Rxd2 Rd8 22. Rxd8+ Qxd8 23. Bb3 Nd5 24. Qc4 Qb6 25. h3 Bf6 26. Bd6 Be7 27. Bg3 Bd8 28. Be5 Bf6 29. Bxf6 Nxf6 30. Qf4 Nd5 31. Qd2 Qc5 32. Bd1 Qc4 33. a3 Qc5 34. Be2 e5 35. c4 Nf4 36. Bf1 Ne6 37. b4 Qd4 38. Qxd4 Nxd4 39. Bd3 1-0

[Event "Cannes op"]
[Site "Cannes"]
[Date "1996.??.??"]
[Round "6"]
[White "Goldgewicht, Lionel"]
[Black "Mantovani, Renzo"]
[Result "0-1"]
[WhiteElo "2325"]
[BlackElo "2365"]
[PlyCount "62"]
[EventDate "1996.02.??"]
[EventType "swiss"]
[EventRounds "9"]
[EventCountry "FRA"]
[SourceTitle "CBM 051 Extra"]
[Source "ChessBase"]
[SourceDate "1996.05.01"]
[SourceVersion "1"]
[SourceVersionDate "1996.05.01"]
[SourceQuality "1"]

1. e4 c5 2. c3 Nf6 3. e5 Nd5 4. d4 cxd4 5. Nf3 e6 6. cxd4 b6 7. a3 Be7 8. Nbd2 Bb7 9. Ne4 Ne3 10. Nd6+ Bxd6 11. Bxe3 Be7 12. Bd3 0-0 13. h4 f5 14. exf6 gxf6 15. Bxh7+ Kxh7 16. Ng5+ Kg6 17. Nxe6 Bb4+ 18. axb4 dxe6 19. Rh3 Kf7 20. Rg3 Qd5 21. Bh6 Rg8 22. Rxg8 Qe4+ 23. Be3 Kxg8 24. Rc1 Qxg2 25. Qh5 Nc6 26. b5 Ne7 27. Rc7 Bf3 28. Qh6 Qg1+ 29. Kd2 Qd1+ 30. Kc3 Nd5+ 31. Kc4 Qc2# 0-1

[Event "Cannes op"]
[Site "Cannes"]
[Date "1996.??.??"]
[Round "9"]
[White "Medancic, Rikard"]
[Black "Goldgewicht, Lionel"]
[Result "1/2-1/2"]
[WhiteElo "2340"]
[BlackElo "2325"]
[PlyCount "62"]
[EventDate "1996.02.??"]
[EventType "swiss"]
[EventRounds "9"]
[EventCountry "FRA"]
[SourceTitle "CBM 051 Extra"]
[Source "ChessBase"]
[SourceDate "1996.05.01"]
[SourceVersion "1"]
[SourceVersionDate "1996.05.01"]
[SourceQuality "1"]

1. d4 e6 2. c4 f5 3. Nc3 Nf6 4. Nf3 Bb4 5. Qc2 0-0 6. g3 d6 7. Bg2 Qe7 8. 0-0 Bxc3 9. Qxc3 Nbd7 10. b4 e5 11. dxe5 dxe5 12. a4 e4 13. Nd4 Ne5 14. Bb2 Re8 15. Bh3 Qf7 16. Rac1 Qh5 17. Bg2 c6 18. f3 exf3 19. exf3 f4 20. g4 Qg6 21. Rfe1 Nd3 22. Rxe8+ Nxe8 23. Rd1 Nxb2 24. Qxb2 Be6 25. Qe2 Nc7 26. Qe5 Qf7 27. Nxe6 Nxe6 28. Bf1 Re8 29. Rd6 Nc7 30. Qd4 Ne6 31. Qe5 h6 1/2-1/2